Регионална библиотека "Любен Каравелов" - Русе

Босът (Запис номер 65645)

MARC детайли
000 -Лидер
Контролно поле с фиксирана дължина 01273nam a2200325 c 4500
003 - Код на организацията, давaща контролен номер
Контролно поле BLK
005 - Дата и час на последна редакция
Контролно поле 20181103112946.0
008 - Елементи от данни с фиксирана дължина
fixed length control field 180408b bul|||||r ||||||| ||bul||
010 ## - Наследен системен номер
LC control number KNG00069925000
040 ## - Източник на каталожния запис
Идентификатор на билиотеката - собственик на записа BLK
041 ## - Код за език
Код за езика на текст/звукозапис или на отделно заглавие Български
Код за езика КДБФ Български
080 ## - УДК
Текстов определител УДК Американска литература (на САЩ)
УДК код - определител по УДК 821.111(73)
УДК определител -312.4
УДК - код + определител 821.111(73)-312.4
100 1# - Редна дума - Автор
Автор Потинджър, Стан
Авторска отговорност първи автор
R(LIN) 112713
139 ## - Редно поле
Редна дума Потинджър, Стан
Авторски знак Пос - П 80
245 10 - Сведения за заглавието
Заглавие Босът
Подзаглавни данни Роман
Редно поле (дума) Стан Потинджър; прев. от англ. Антоанета Антонова Дончева-Стаматова.
257 ## - Страна на издаване
Страна на създаване/издаване Съединени американски щати
260 ## - Област на издателските данни
-- София
Име на издателя, разпространителя и проч. НСМ - Медиа
Година на издаване 2006
300 ## - Физическа характеристика
Страници 316 с.
Размери/Мащаб 20 см
380 ## - Жанр
Жанр Худож. лит.
490 1# - СЕРИИ (Колекции)
Име на серия В лабиринта на престъпния свят
500 ## - Общи забележки
Забележка Ориг. загл. The Boss / Stan Pottinger.
653 ## - Ключова дума – ненормативна
Ключова дума крими
653 ## - Ключова дума – ненормативна
Ключова дума романи
700 1# - Други автори (авторска отговорност)
Лично име Дончева-Стаматова, Антоанета Антонова
Автороска отговорност (Описва отношението между автора и произведението) прев. от англ.
9 (RLIN) 365601
852 ## - Местоположение
Форматна сигнатура Цб 230322
856 4# - Електронен адрес и достъп
Електронен формат pdf - файл
Път до файла /url/
856 4# - Електронен адрес и достъп
Електронен формат pdf - файл
Път до файла /url/
942 ## - АРТИКУЛИ
Вид на библиотечния материал Книги
Скрит в OPAC Не
Koha issues (borrowed), all copies 7
944 ## - СЪЗДАВАНЕ И РЕДАКЦИЯ на ЗАПИСА
Създаване/Редакция Създаване
Дата на регистрацията/редакция 08.12.2006
Статус, дата на статуса ф /
Служител, извършил регистрацията/редакцията Геновева_Генчева
944 ## - СЪЗДАВАНЕ И РЕДАКЦИЯ на ЗАПИСА
Създаване/Редакция Редакция
Дата на регистрацията/редакция 16.11.2015
Статус, дата на статуса ф /
Служител, извършил регистрацията/редакцията Людмила_Стоянова
999 ## - СИСТЕМНИ КОНТРОЛНИ НОМЕРА
Koha biblionumber 65645
Koha biblioitemnumber 65645
Наличности
Код за отписване Код за изгубен артикул Източник на класификационната схема Код за повреда Коз за рестрикции Код за отдаване Артикулен № Име на библиотеката - собственик Име на библиотеката, в която се намира в момента Статус (Текущо местоположение) Дата на вписване в системата Местоположение - отдел Цена в лева Инвентарен номер Систематично азбучна сигнатура Баркод Номер на екземпляра Цена в евро Служебна бележка Служебен тип на артикула
Изтеглен Не е изгубен Universal Decimal Classification Не е повреден без рестрикции заемане за дома 108296 Регионална библиотека "Любен Каравелов" Русе Регионална библиотека "Любен Каравелов" Русе Заемна - подръчен фонд 2008-06-16 Заемна - подръчен фонд 9.00 120000727157 П 820(73)-31/П 80 120000727157 1 4.60 Дост: Pk Вид: Ф N: 4273 Дата: 04.06.2008 Книги
  Не е изгубен   Не е повреден без рестрикции ползва се в читалня 108297 Регионална библиотека "Любен Каравелов" Русе Регионална библиотека "Любен Каравелов" Русе Хранилище 2009-09-11 Хранилище 9.00 120000738043 Цб 230322 120000738043 2 4.60 Дост: Dp Вид: Д N: 13 Дата: 18.03.2009 Книги
Изтеглен Не е изгубен Universal Decimal Classification Не е повреден без рестрикции заемане за дома 108298 Регионална библиотека "Любен Каравелов" Русе Регионална библиотека "Любен Каравелов" Русе Заемна - подръчен фонд 2015-09-29 Заемна - подръчен фонд 9.00 120000793144 П 820(73)-31/П 80 120000793144 3 4.60 Дост: DA Вид: А N: 19 Дата: 29.09.2015 Дата инв: 16.02.2018 Бележки инв: П2018 Книги
Vip Innovations Ltd, Rousse, Bulgaria 2025